A germ's journey

Bibliographic Details
Main Author: Rooke, Thom M.D (Author)
Other Authors: Trimmer, Tony (Illustrator)
Format: Book
Published: North Mankato, Minnesota : Capstone Editions 2022
Subjects:

MARC

LEADER 00000cam a2200000 7i4500
001 0000091311
005 20230419101129.0
008
020 |a 9781666339383 (  |q (hardback)) 
040 |e rda 
041 |a English 
090 0 0 |a JP   |b ENG 
100 1 |a Rooke, Thom M.D. ,   |e (author) 
245 1 2 |a A germ's journey   |c Thom Rooke M.D. 
264 1 |a North Mankato, Minnesota :   |b Capstone Editions   |c 2022 
300 |a (unpagesd) :   |b color illustrations ;   |c 17 cm. 
336 |a text  |2 rdacontent 
337 |a unmediated  |2 rdamedia 
338 |a volume  |2 rdacarrier 
500 |a Children age 4-6 years old (yellow) 
541 |c Purchased on 2022   |f 00304 TSR   |h RM49.95 
650 0 |a Children stories, English 
650 0 |a Junior picture 
700 0 |a Trimmer, Tony ,   |e (illustrator) 
730 0 |a Title 
999 |a 0001723910   |b Book   |c Children Collection   |e Cawangan AEON Kulaijaya 
999 |a 0001723911   |b Book   |c Children Collection   |e Cawangan Urban Transformation Centre 
999 |a 0001723912   |b Book   |c Children Collection   |e Perbadanan Perpustakaan Awam Johor 
999 |a 0001723913   |b Book   |c Children Collection   |e Cawangan Bandar Tenggara 
999 |a 0001723914   |b Book   |c Children Collection   |e Cawangan Sri Merlong 
999 |a 0001723915   |b Book   |c Children Collection   |e Cawangan Kota Tinggi 
999 |a 0001723916   |b Book   |c Children Collection   |e Cawangan Taman Sri Lambak 
999 |a 0001723917   |b Book   |c Children Collection   |e Cawangan Bukit Gambir 
999 |a 0001723918   |b Book   |c Children Collection   |e Cawangan Tmn. Ungku Tun Aminah 
999 |a 0001723919   |b Book   |c Children Collection   |e Cawangan Muar 
999 |a 0001723920   |b Book   |c Children Collection   |e Cawangan Bandar Penawar 
999 |a 0001723921   |b Book   |c Children Collection   |e Cawangan Batu Pahat 
999 |a 0001723922   |b Book   |c Children Collection   |e Cawangan Pontian 
999 |a 0001723923   |b Book   |c Children Collection   |e Cawangan Tangkak 
999 |a 0001723924   |b Book   |c Children Collection   |e Cawangan Mersing 
999 |a 0001723925   |b Book   |c Children Collection   |e Cawangan Segamat 
999 |a 0001723926   |b Book   |c Children Collection   |e Cawangan Taman Universiti 
999 |a 0001724621   |b Book   |c Children Collection   |e Desa - PPAJ 
999 |a 0001724622   |b Book   |c Children Collection   |e Desa - PPAJ 
999 |a 0001724624   |b Book   |c Children Collection   |e Desa - PPAJ 
999 |a 0001724625   |b Book   |c Children Collection   |e Desa - PPAJ 
999 |a 0001724626   |b Book   |c Children Collection   |e Desa - PPAJ 
999 |a 0001724627   |b Book   |c Children Collection   |e Desa - PPAJ 
999 |a 0001724628   |b Book   |c Children Collection   |e Desa - PPAJ 
999 |a 0001724629   |b Book   |c Children Collection   |e Desa - PPAJ 
999 |a 0001724630   |b Book   |c Children Collection   |e Desa - PPAJ 
999 |a 0001724631   |b Book   |c Children Collection   |e Desa - PPAJ 
999 |a 0001724632   |b Book   |c Children Collection   |e Desa - PPAJ 
999 |a 0001724633   |b Book   |c Children Collection   |e Desa - PPAJ 
999 |a 0001724634   |b Book   |c Children Collection   |e Desa - PPAJ 
999 |a 0001724635   |b Book   |c Children Collection   |e Desa - PPAJ 
999 |a 0001724636   |b Book   |c Children Collection   |e Desa - PPAJ 
999 |a 0001724637   |b Book   |c Children Collection   |e Desa - PPAJ 
999 |a 0001724638   |b Book   |c Children Collection   |e Desa - PPAJ 
999 |a 0001724639   |b Book   |c Children Collection   |e Desa - PPAJ 
999 |a 0001724640   |b Book   |c Children Collection   |e Desa - PPAJ 
999 |a 0001724641   |b Book   |c Children Collection   |e Desa - PPAJ 
999 |a 0001724642   |b Book   |c Children Collection   |e Desa - PPAJ 
999 |a 0001724643   |b Book   |c Children Collection   |e Desa - PPAJ 
999 |a 0001724644   |b Book   |c Children Collection   |e Desa - PPAJ 
999 |a 0001724645   |b Book   |c Children Collection   |e Desa - PPAJ 
999 |a 0001724646   |b Book   |c Children Collection   |e Desa - PPAJ 
999 |a 0001724647   |b Book   |c Children Collection   |e Desa - PPAJ 
999 |a 0001724648   |b Book   |c Children Collection   |e Desa - PPAJ 
999 |a 0001724649   |b Book   |c Children Collection   |e Desa - PPAJ 
999 |a 0001724650   |b Book   |c Children Collection   |e Desa - PPAJ 
999 |a 0001724651   |b Book   |c Children Collection   |e Desa - PPAJ 
999 |a 0001724652   |b Book   |c Children Collection   |e Desa - PPAJ 
999 |a 0001724653   |b Book   |c Children Collection   |e Desa - PPAJ 
999 |a 0001724654   |b Book   |c Children Collection   |e Desa - PPAJ 
999 |a 0001724655   |b Book   |c Children Collection   |e Desa - PPAJ 
999 |a 0001724656   |b Book   |c Children Collection   |e Desa - PPAJ 
999 |a 0001724657   |b Book   |c Children Collection   |e Desa - PPAJ 
999 |a 0001724658   |b Book   |c Children Collection   |e Desa - PPAJ 
999 |a 0001724659   |b Book   |c Children Collection   |e Desa - PPAJ 
999 |a 0001724660   |b Book   |c Children Collection   |e Desa - PPAJ 
999 |a 0001724661   |b Book   |c Children Collection   |e Desa - PPAJ